Statistics for NFL Football Quiz

Click here to take the quiz!

General Stats

  • This quiz has been taken 5,488 times
  • The average score is 13 of 20

Answer Stats

Question Answer % Correct
What quarterback has won five Super Bowls?Tom Brady
90%
What Houston Texans player wears number 99?J.J. Watt
88%
What is the name of the Green Bay Packers’ stadium?Lambeau Field
82%
What jersey number is legal in the NBA but not in the NFL?0 or 00
81%
What is the name of the Super Bowl trophy?Vince Lombardi Trophy
80%
Who owns the Dallas Cowboys?Jerry Jones
77%
Who were the only team to win the Super Bowl after an undefeated season?1972 Miami Dolphins
76%
Who is the NFL’s all-time leading rusher?Emmitt Smith
75%
Who set a single-season record by catching 23 touchdown passes in 2007?Randy Moss
72%
Who holds the career and single-season records for rushing yards by a quarterback?Michael Vick
69%
What former Steelers running back was known as "The Bus"?Jerome Bettis
68%
What position refers to the 3rd cornerback on the field?{Nickel}back
66%
Who was the quarterback of the team called "The Greatest Show on Turf"?Kurt Warner
63%
Who caught 112 touchdown passes from Peyton Manning?Marvin Harrison
63%
Who won three Defensive Player of the Year awards during the 1980s?Lawrence Taylor
56%
What does BJ stand for on a referee’s uniform?Back Judge
53%
What 49ers safety had part of his pinky amputated in 1986 to avoid missing games?Ronnie Lott
44%
What running back ran the 40 yard dash in 4.12 seconds at the 1986 NFL combine?Bo Jackson
43%
What 49ers coach developed the West Coast offense?Bill Walsh
38%
In what event did Hershel Walker compete at the 1992 Winter Olympics?Bobsled
31%

Score Distribution

Percentile by Number Answered

Percent of People with Each Score

Your Score History

You have not taken this quiz